NUCLEAR PHYSICS (Record no. 9397)
[ view plain ]
| 000 -LEADER | |
|---|---|
| fixed length control field | 00479nam a22001697a 4500 |
| 003 - CONTROL NUMBER IDENTIFIER | |
| control field | SGT |
| 020 ## - INTERNATIONAL STANDARD BOOK NUMBER | |
| International Standard Book Number | 9789350978306 |
| 082 ## - DEWEY DECIMAL CLASSIFICATION NUMBER | |
| Classification number | 539.7,TAY |
| 100 ## - MAIN ENTRY--PERSONAL NAME | |
| Personal name | Tayal,D.C |
| 245 ## - TITLE STATEMENT | |
| Title | NUCLEAR PHYSICS |
| 250 ## - EDITION STATEMENT | |
| Edition statement | 5TH |
| 260 ## - PUBLICATION, DISTRIBUTION, ETC. (IMPRINT) | |
| Place of publication, distribution, etc | NEW DELHI |
| Name of publisher, distributor, etc | HIMALAYA PUBLISHING HOUSE |
| Year of Publication | 2015 |
| 300 ## - PAGE DESCRIPTION | |
| No. of Pages | 783 |
| 650 ## - SUBJECT ADDED ENTRY--TOPICAL TERM | |
| Topical term or geographic name as entry element | PHYSICS |
| 653 ## - KEYWORDS--INDEX TERM | |
| Keyword term | GENERAL PROPERTIES TO ATOMIC NUCLEUS, RADIOACTIVITY AND ISOTOPES, NUCLEAR FORCE, NUCLEAR MODELS, ACCELERATION, ELEMENTARY PARTICLES |
| 942 ## - ADDED ENTRY ELEMENTS (KOHA) | |
| Source of classification or shelving scheme | Dewey Decimal Classification |
| Koha item type | FPS Books |
| Withdrawn status | Lost status | Source of classification or shelving scheme | Damaged status | Not for loan | Collection code | Home library | Current library | Shelving location | Date acquired | Vendor Name | Cost, normal purchase price | SGTU | Bill Number | Total Checkouts | Full call number | Accession No. (Barcode) | Date last seen | Date last borrowed | Bill Date | Koha item type |
|---|---|---|---|---|---|---|---|---|---|---|---|---|---|---|---|---|---|---|---|---|
| Dewey Decimal Classification | SCIENCE | SGT Science & Social Sciences Library | SGT Science & Social Sciences Library | On Display | 01/07/2016 | AHUJA BOOKS | 440.00 | SGTU | 6687 | 3 | 539.7,TAY | PS1505 | 29/03/2019 | 29/03/2019 | 03/04/2013 | FPS Books | ||||
| Dewey Decimal Classification | SCIENCE | SGT Science & Social Sciences Library | SGT Science & Social Sciences Library | On Display | 01/07/2016 | AHUJA BOOKS | 440.00 | SGTU | 6687 | 11 | 539.7,TAY | PS1506 | 09/05/2019 | 24/04/2019 | 03/04/2013 | FPS Books |